| 000 | 01256nam a22002297a 4500 | ||
|---|---|---|---|
| 999 |
_c63155 _d63155 |
||
| 003 | Ge_BSU | ||
| 005 | 20250612130648.0 | ||
| 008 | 250612s2024 ge ||||| |||| 00| 0 geo d | ||
| 020 | _a9789941871610 | ||
| 041 | _ageo | ||
| 080 | _a821.353.1-1 ტ-88 | ||
| 100 |
_aტუღუში, გია _915768 |
||
| 245 |
_aსიცარიელის მიღმა : _b[ლექსების კრებული] / _cგია ტუღუში; რედაქტორი ნინო კობახიძე; მხატვარი იკო ცაბაძე; წინათქმა სანდრო ბერიძე; დიზაინი გიორგი მესხიძე. |
||
| 264 |
_aთბილისი : _bმირაჟი, _c 2024. |
||
| 300 |
_a308 გვ. ; _b20 სმ. |
||
| 500 | _aკრებული ეძღვნება ცოლ-შვილს. | ||
| 653 | _aქართული პოეზია | ||
| 700 |
_aკობახიძე, ნინო _eრედაქტორი _925399 |
||
| 700 |
_aბერიძე, სანდრო _eწინათქმის ავტორი _925400 |
||
| 700 |
_aცაბაძე, იკო _eმხატვარი _925401 |
||
| 942 |
_2udc _cBK |
||